Faculty of Law Library — Cairo University

Official Online Catalog

Understanding constitutional law / (Record no. 47457)

MARC details
000 -LEADER
fixed length control field 01140cac a2200361 i 4500
003 - CONTROL NUMBER IDENTIFIER
control field EG-GICUC
005 - DATE AND TIME OF LATEST TRANSACTION
control field 20260121101408.0
008 - FIXED-LENGTH DATA ELEMENTS--GENERAL INFORMATION
fixed length control field 950731s1995 nyu fr 001 0 eng d
020 ## - INTERNATIONAL STANDARD BOOK NUMBER
International Standard Book Number 0820527238
020 ## - INTERNATIONAL STANDARD BOOK NUMBER
International Standard Book Number 9780820527239
040 ## - CATALOGING SOURCE
Original cataloging agency DLC
Transcribing agency DLC
Modifying agency DLC
-- EG-GICUC
Language of cataloging eng
Description conventions rda
043 ## - GEOGRAPHIC AREA CODE
Geographic area code n-us---
050 00 - LIBRARY OF CONGRESS CALL NUMBER
Classification number KF4550
Item number .R43 1995
082 00 - DEWEY DECIMAL CLASSIFICATION NUMBER
Classification number 342.1
Edition number 21
092 04 - LOCALLY ASSIGNED DEWEY CALL NUMBER (OCLC)
Edition number 21
099 ## - LOCAL FREE-TEXT CALL NUMBER (OCLC)
Classification number Law 08 1995
100 1# - MAIN ENTRY--PERSONAL NAME
Personal name Redlich, Norman.
245 10 - TITLE STATEMENT
Title Understanding constitutional law /
Statement of responsibility, etc. Norman Redlich, Bernard Schwartz, John Attanasio.
264 ## - PRODUCTION, PUBLICATION, DISTRIBUTION, MANUFACTURE, AND COPYRIGHT NOTICE
Place of production, publication, distribution, manufacture New York :
Name of producer, publisher, distributor, manufacturer Matthew Bender,
Date of production, publication, distribution, manufacture, or copyright notice 1995.
300 ## - PHYSICAL DESCRIPTION
Extent xii, 480 page ;
Dimensions 25 cm.
Other physical details ,
336 ## - CONTENT TYPE
Content type term text
Content type code txt
Source rdacontent
337 ## - MEDIA TYPE
Media type term unmediated
Media type code n
Source rdamedia
338 ## - CARRIER TYPE
Carrier type term volume
Carrier type code nc
Source rdacarrier
440 #0 - SERIES STATEMENT/ADDED ENTRY--TITLE
Title Legal text series
500 ## - GENERAL NOTE
General note Includes index.
525 ## - SUPPLEMENT NOTE
Supplement note Kept up to date by supplements.
650 #0 - SUBJECT ADDED ENTRY--TOPICAL TERM
Topical term or geographic name entry element Constitutional law
Geographic subdivision United States.
700 1# - ADDED ENTRY--PERSONAL NAME
Personal name Schwartz, Bernard,
Dates associated with a name 1923-1997.
Relator term joint author.
700 1# - ADDED ENTRY--PERSONAL NAME
Personal name Attanasio, John,
Relator term joint author.
856 40 - ELECTRONIC LOCATION AND ACCESS
Uniform Resource Identifier <a href="https://fll.law.cu.edu.eg/fulltext/bks/ENGB08-00055.pdf">https://fll.law.cu.edu.eg/fulltext/bks/ENGB08-00055.pdf</a>
905 ## - Cataloger and Reviser Names
Cataloger Name: Hend El khosy
942 ## - ADDED ENTRY ELEMENTS (KOHA)
Source of classification or shelving scheme Dewey Decimal Classification
Koha item type Books
Edition 21
Suppress in OPAC No
Holdings
Withdrawn status Lost status Source of classification or shelving scheme Damaged status Not for loan Collection Home library Current library Date acquired Total checkouts Full call number Barcode Date last seen Copy number Price effective from Koha item type Public note
    Dewey Decimal Classification     القانون الدستوري جــــامعة القــاهرة مكتبة كلية الحقوق - المبنى الرئيسي 30.11.2025   Law1 08 342.1 RE . U 1995 0800057 C3 ENGB08-00057 30.11.2025 3 30.11.2025 Books 165
    Dewey Decimal Classification     القانون الدستوري جــــامعة القــاهرة مكتبة كلية الحقوق - المبنى الرئيسي 30.11.2025   Law1 08 342.1 RE . U 1995 0800058 C4 ENGB08-00058 30.11.2025 4 30.11.2025 Books 160
    Dewey Decimal Classification     القانون الدستوري جــــامعة القــاهرة مكتبة كلية الحقوق - فـرع الشيخ زايد 30.11.2025   Law2 08 342.1 RE . U 1995 0800055 C1 ENGB08-00055 30.11.2025 1 30.11.2025 Books 170
    Dewey Decimal Classification     القانون الدستوري جــــامعة القــاهرة مكتبة كلية الحقوق - فـرع الشيخ زايد 30.11.2025   Law2 08 342.1 RE . U 1995 0800056 C2 ENGB08-00056 30.11.2025 2 30.11.2025 Books 168

© All rights reserved — Faculty of Law, Cairo University